[Event "RUS-ch Blitz Men 2018"]
[Site "Sochi"]
[Date "2018.10.07"]
[Round "18"]
[White "Bocharov, Dmitry"]
[Black "Demidov, Mikhail"]
[Result "1-0"]
[WhiteElo "2557"]
[BlackElo "2514"]
[Annotator "ChessBase"]
[PlyCount "127"]
[EventDate "2018.10.07"]
[EventType "swiss"]
[EventCountry "RUS"]
[SourceTitle "playchess.com"]
[Source "ChessBase"]
[SourceQuality "1"]

1. c4 e5 2. d3 Bc5 3. Nf3 Nc6 4. Nc3 a6 5. Nxe5 Nxe5 6. d4 Bd6 7. c5 Bxc5 8. dxc5 Nf6 9. Bf4 Ng6 10. Bg3 O-O 11. e3 Rb8 12. Rc1 b6 13. cxb6 Rxb6 14. Na4 Rb7 15. Bxa6 Ra7 16. Bxc8 Qxc8 17. O-O Qa6 18. b3 d6 19. f3 h5 20. e4 h4 21. Bf2 Rb7 22. Qd2 h3 23. gxh3 Qb5 24. Bg3 Ra8 25. Kg2 Qh5 26. Rc2 Ra5 27. e5 Rd5 28. Qe2 dxe5 29. Nc5 Ra7 30. Ne4 Qf5 31. Rfc1 Nh5 32. Qe3 Nhf4+ 33. Kh1 Ra8 34. h4 Rd3 35. Qf2 Rad8 36. Rf1 Qh3 37. Ng5 Qf5 38. Rxc7 Rd2 39. Qa7 Rd1 40. Rc1 Rxc1 41. Rxc1 Ne2 42. Rf1 Nd4 43. Qc7 Rc8 44. Qb7 Rf8 45. Qe4 Qf6 46. h5 Qxg5 47. hxg6 f6 48. f4 Qh5 49. fxe5 Ne2 50. Kg2 Re8 51. Qc4+ Kh8 52. Qh4 Qxh4 53. Bxh4 Rxe5 54. Re1 Nf4+ 55. Kf3 Nxg6 56. Rxe5 Nxe5+ 57. Ke4 Kg8 58. a4 Kf7 59. Kd5 Nd3 60. Kd4 Ne5 61. Bg3 Nc6+ 62. Kc5 Na5 63. b4 Nb3+ 64. Kc4 1-0

[Event "RUS-ch Blitz Men 2018"]
[Site "Sochi"]
[Date "2018.10.07"]
[Round "18"]
[White "Iljiushenok, Ilia"]
[Black "Derjabin, Ilja"]
[Result "0-1"]
[WhiteElo "2539"]
[BlackElo "2345"]
[Annotator "ChessBase"]
[PlyCount "58"]
[EventDate "2018.10.07"]
[EventType "swiss"]
[EventCountry "RUS"]
[SourceTitle "playchess.com"]
[Source "ChessBase"]
[SourceQuality "1"]

1. e4 e6 2. d4 d5 3. Nc3 Nf6 4. Bg5 Be7 5. e5 Ne4 6. Bxe7 Qxe7 7. Nxe4 dxe4 8. c3 c5 9. Ne2 Nc6 10. g3 cxd4 11. cxd4 O-O 12. Bg2 Rd8 13. O-O Nxe5 14. Bxe4 Nc6 15. Rc1 Bd7 16. Qd3 g6 17. Rfd1 Rac8 18. a3 Be8 19. Bg2 Qf6 20. Qe3 Ne7 21. Qe5 Qxe5 22. dxe5 Rxc1 23. Rxc1 Rd2 24. Rc7 Rxe2 25. Bf1 Re1 26. Rxb7 Nd5 27. b4 Kg7 28. h4 Nc3 29. Rb8 Bb5 0-1

[Event "RUS-ch Blitz Men 2018"]
[Site "Sochi"]
[Date "2018.10.07"]
[Round "18"]
[White "Lobanov, Sergei"]
[Black "Tekeyev, Zaur"]
[Result "0-1"]
[WhiteElo "2539"]
[BlackElo "2392"]
[Annotator "ChessBase"]
[PlyCount "50"]
[EventDate "2018.10.07"]
[EventType "swiss"]
[EventCountry "RUS"]
[SourceTitle "playchess.com"]
[Source "ChessBase"]
[SourceQuality "1"]

1. e4 c5 2. Nf3 Nc6 3. d4 cxd4 4. Nxd4 e5 5. Nb5 d6 6. c4 Be7 7. N1c3 a6 8. Na3 Be6 9. Be2 Nd4 10. Be3 Nxe2 11. Qxe2 Nf6 12. f3 O-O 13. O-O Rc8 14. Rfd1 Qc7 15. Nd5 Nxd5 16. cxd5 Bd7 17. Qd2 b5 18. Rac1 Qb7 19. Nc2 Bd8 20. Nb4 Ba5 21. a3 f5 22. Qd3 Bb6 23. Nc6 fxe4 24. Qxe4 Bf5 25. Qxf5 Bxe3+ 0-1

[Event "RUS-ch Blitz Men 2018"]
[Site "Sochi"]
[Date "2018.10.07"]
[Round "18"]
[White "Sychev, Klementy"]
[Black "Potapov, Pavel"]
[Result "1-0"]
[WhiteElo "2534"]
[BlackElo "2515"]
[Annotator "ChessBase"]
[PlyCount "117"]
[EventDate "2018.10.07"]
[EventType "swiss"]
[EventCountry "RUS"]
[SourceTitle "playchess.com"]
[Source "ChessBase"]
[SourceQuality "1"]

1. e4 c5 2. Nf3 Nc6 3. d4 cxd4 4. Nxd4 e5 5. Nb5 d6 6. a4 Be7 7. N1c3 a6 8. Na3 Nf6 9. Bg5 Be6 10. Bc4 O-O 11. Bxf6 Bxf6 12. O-O Nd4 13. Nd5 Bg5 14. c3 Nc6 15. Qd3 Kh8 16. Rad1 f5 17. Ne3 fxe4 18. Qxd6 Qxd6 19. Rxd6 Bxe3 20. fxe3 Rxf1+ 21. Kxf1 Rf8+ 22. Ke1 Bxc4 23. Nxc4 h6 24. Re6 Rf5 25. Nd6 Rf6 26. Rxf6 gxf6 27. Nxb7 a5 28. Nd6 Kg7 29. Nxe4 f5 30. Nc5 Kf6 31. e4 fxe4 32. Ke2 Kf5 33. Ke3 Ne7 34. Nxe4 Nd5+ 35. Kf3 Nb6 36. Nc5 e4+ 37. Nxe4 Nxa4 38. b3 Nb6 39. Nd6+ Ke6 40. Nb7 Nd5 41. c4 Nb4 42. Nxa5 Ke5 43. Ke3 h5 44. Nb7 Na6 45. Nd8 Nb4 46. Nf7+ Kf5 47. Kd4 h4 48. Kc3 Na2+ 49. Kd4 Nb4 50. c5 Kf4 51. Ne5 Nc2+ 52. Kc3 Ne3 53. Nd3+ Ke4 54. c6 Nd5+ 55. Kc4 Nb6+ 56. Kc5 Nc8 57. b4 Kxd3 58. b5 Ke2 59. b6 1-0

[Event "RUS-ch Blitz Men 2018"]
[Site "Sochi"]
[Date "2018.10.07"]
[Round "18"]
[White "Khanin, Semen"]
[Black "Antipov, Mikhail Al."]
[Result "0-1"]
[WhiteElo "2510"]
[BlackElo "2593"]
[Annotator "RC"]
[PlyCount "89"]
[EventDate "2018.10.07"]
[EventType "swiss"]
[EventCountry "RUS"]
[SourceTitle "playchess.com"]
[Source "ChessBase"]
[SourceQuality "1"]

1. e4 e6 2. d4 d5 3. Nc3 Bb4 4. e5 Qd7 5. a3 Bxc3+ 6. bxc3 b6 7. Qg4 f5 8. Qg3 Ba6 9. Bxa6 Nxa6 10. h4 O-O-O 11. a4 Kb7 12. Ne2 Nb8 13. h5 Nc6 14. h6 g6 15. Bg5 Rc8 16. O-O Na5 17. Rfb1 Qf7 18. Qh4 Ka8 19. Nf4 Re8 20. Nd3 Ne7 21. Rb5 Nec6 22. Rab1 Nc4 23. Ra1 Rc8 24. Rbb1 Rhe8 25. Nb2 Nxb2 26. Rxb2 Na5 27. Rb5 c6 28. Rbb1 c5 29. Bd2 Rc6 30. Qh3 Rec8 31. Be3 cxd4 32. Bxd4 Rc4 33. f4 Qd7 34. Qh4 Re8 35. Qf6 Kb7 36. Rb5 Rec8 37. Rab1 Ka8 38. Rxa5 bxa5 39. Rb5 Rxa4 40. Rb1 Rac4 41. Kf2 R4c6 42. Ke2 a4 43. Kd2 a3 44. Ra1 Ra6 45. Qg7 0-1

[Event "RUS-ch Blitz Men 2018"]
[Site "Sochi"]
[Date "2018.10.07"]
[Round "18"]
[White "Gabrielian, Artur"]
[Black "Vastrukhin, Oleg"]
[Result "1-0"]
[WhiteElo "2499"]
[BlackElo "2413"]
[Annotator "ChessBase"]
[PlyCount "115"]
[EventDate "2018.10.07"]
[EventType "swiss"]
[EventCountry "RUS"]
[SourceTitle "playchess.com"]
[Source "ChessBase"]
[SourceQuality "1"]

1. e4 e6 2. d4 d5 3. Nd2 c5 4. Ngf3 Nc6 5. exd5 exd5 6. Bb5 Bd6 7. O-O Nge7 8. dxc5 Bxc5 9. Nb3 Bb6 10. h3 O-O 11. Re1 Bf5 12. Bd3 a5 13. Be3 a4 14. Nbd4 Bg6 15. a3 Re8 16. Bxg6 hxg6 17. Qd3 Nxd4 18. Nxd4 Nc6 19. Rad1 Qf6 20. c3 Ne5 21. Qb5 Rad8 22. Qxa4 Nc4 23. Qc2 Nxe3 24. Rxe3 Rxe3 25. fxe3 Qe5 26. Qf2 Re8 27. Re1 f5 28. Re2 f4 29. Qf3 fxe3 30. Qg4 Bxd4 31. Qxd4 Qxd4 32. cxd4 Re4 33. Kf1 Kf7 34. Re1 Kf6 35. Ke2 Rxd4 36. Kxe3 Re4+ 37. Kd2 Rf4 38. Kd3 g5 39. b4 g4 40. hxg4 Rxg4 41. b5 Rxg2 42. Kd4 Rb2 43. a4 Rb4+ 44. Kxd5 Rxa4 45. Rf1+ Kg5 46. Kc5 Ra2 47. Rf7 g6 48. Rxb7 Rb2 49. b6 Kf4 50. Rf7+ Kg4 51. Rd7 Kh5 52. Rd5+ g5 53. Rd4 Rxb6 54. Kxb6 g4 55. Kc5 g3 56. Rd8 Kh4 57. Kd4 g2 58. Rg8 1-0

[Event "RUS-ch Blitz Men 2018"]
[Site "Sochi"]
[Date "2018.10.07"]
[Round "18"]
[White "Belyakov, Bogdan"]
[Black "Ozgibcev, Anatoly"]
[Result "1/2-1/2"]
[WhiteElo "2458"]
[BlackElo "2368"]
[Annotator "ChessBase"]
[PlyCount "182"]
[EventDate "2018.10.07"]
[EventType "swiss"]
[EventCountry "RUS"]
[SourceTitle "playchess.com"]
[Source "ChessBase"]
[SourceQuality "1"]

1. e4 e5 2. Nf3 Nc6 3. Nc3 Nf6 4. a3 Be7 5. d4 d6 6. Bc4 Bg4 7. d5 Nd4 8. Be3 Nxf3+ 9. gxf3 Bd7 10. Rg1 g6 11. Bh6 Nh5 12. Qd2 Bf6 13. Ne2 Qe7 14. Ng3 Nf4 15. O-O-O Nh3 16. Rge1 Bg5 17. Bxg5 Qxg5 18. Re3 O-O 19. Kb1 Nf4 20. h4 Qxh4 21. Rh1 Qg5 22. Ree1 Rfe8 23. Qc3 Rec8 24. Reg1 Qf6 25. Ne2 Nxe2 26. Bxe2 Kf8 27. Rxh7 Ke7 28. Rgh1 c6 29. dxc6 Rxc6 30. Qd2 Be6 31. R7h4 Rac8 32. c3 Rb6 33. Ka1 Bc4 34. Bxc4 Rxc4 35. f4 Rxe4 36. fxe5 Rxe5 37. Rd4 Qe6 38. Rb1 Re2 39. Qg5+ Qf6 40. Qg4 Qe6 41. Qh4+ Qf6 42. Re4+ Rxe4 43. Qxe4+ Qe6 44. Qh4+ Kd7 45. Qa4+ Kc7 46. Qxa7 Qe2 47. f4 Qe4 48. Qa5 Qxf4 49. Re1 Qh4 50. Rd1 Qe7 51. Rd4 Qe1+ 52. Ka2 Qe6+ 53. c4 Qe2 54. Qc3 Qe5 55. Qd2 g5 56. Rd5 Qe6 57. Ka1 Rc6 58. Qa5+ Kd7 59. Qb5 Kc7 60. Rd1 Qxc4 61. Qxg5 Qe6 62. Qg3 f5 63. Re1 Qf6 64. Qf4 Rc2 65. Qb4 Rc6 66. Rh1 Qf7 67. Qf4 Rc4 68. Qg5 f4 69. Re1 Kd7 70. Qg4+ Kc7 71. Rf1 Kc6 72. Qf3+ Kc7 73. Qg4 Kd8 74. Qg5+ Kc7 75. Re1 Kd7 76. Qb5+ Kc7 77. Qa5+ Kd7 78. Qa8 Kc7 79. Qa5+ Kd7 80. Qb5+ Kc7 81. Rf1 f3 82. Qa5+ Kb8 83. Qd8+ Ka7 84. Qxd6 f2 85. Qd2 Rf4 86. Qa5+ Kb8 87. Qd8+ Ka7 88. Qd2 Rf3 89. Qd4+ Kb8 90. Qd2 Rf4 91. Qd8+ Ka7 1/2-1/2

[Event "RUS-ch Blitz Men 2018"]
[Site "Sochi"]
[Date "2018.10.07"]
[Round "18"]
[White "Usmanov, Vasily"]
[Black "Fakhrutdinov, Timur"]
[Result "0-1"]
[WhiteElo "2453"]
[BlackElo "2472"]
[Annotator "ChessBase"]
[PlyCount "76"]
[EventDate "2018.10.07"]
[EventType "swiss"]
[EventCountry "RUS"]
[SourceTitle "playchess.com"]
[Source "ChessBase"]
[SourceQuality "1"]

1. Nf3 Nf6 2. c4 e6 3. d4 d5 4. g3 Bb4+ 5. Bd2 Be7 6. Bg2 O-O 7. O-O c6 8. Bc3 Ne4 9. Nfd2 Nxc3 10. Nxc3 Nd7 11. e3 b6 12. Qa4 Bb7 13. a3 Qc7 14. Rfc1 dxc4 15. Nxc4 c5 16. d5 exd5 17. Nxd5 Bxd5 18. Bxd5 Rad8 19. Rd1 Bf6 20. Rd2 g6 21. Rad1 Kg7 22. f4 Nb8 23. Bf3 a6 24. Qc2 b5 25. Nd6 c4 26. e4 c3 27. e5 Qb6+ 28. Rf2 Be7 29. Qxc3 f6 30. Kg2 Bxd6 31. exd6 Rxd6 32. Rxd6 Qxd6 33. Rd2 Qe7 34. Qd4 Rc8 35. h4 Rc7 36. Qb6 Rd7 37. Re2 Qd8 38. h5 Qxb6 0-1

[Event "RUS-ch Blitz Men 2018"]
[Site "Sochi"]
[Date "2018.10.07"]
[Round "18"]
[White "Drygalov, Sergey"]
[Black "Linker, Mikhail"]
[Result "0-1"]
[WhiteElo "2446"]
[BlackElo "2269"]
[Annotator "NA"]
[PlyCount "96"]
[EventDate "2018.10.07"]
[EventType "swiss"]
[EventCountry "RUS"]
[SourceTitle "playchess.com"]
[Source "ChessBase"]
[SourceQuality "1"]

1. d4 Nf6 2. Nf3 g6 3. c4 Bg7 4. g3 O-O 5. Bg2 d6 6. O-O Nc6 7. Nc3 a6 8. Bf4 Rb8 9. Rc1 Bd7 10. Qd2 Re8 11. d5 Na5 12. b3 c5 13. dxc6 Nxc6 14. e4 Qa5 15. h3 Rbc8 16. Rfe1 b5 17. c5 Nh5 18. Be3 dxc5 19. g4 Red8 20. Nd5 Qxd2 21. Bxd2 Nf6 22. Rxc5 Nxd5 23. exd5 Nd4 24. Rxc8 Bxc8 25. Nxd4 Bxd4 26. Rxe7 Kf8 27. Rc7 Be5 28. Ra7 Bd4 29. Be3 Bxa7 30. Bxa7 Bb7 31. Bb6 Rd7 32. d6 Bxg2 33. Kxg2 Ke8 34. Bc7 f5 35. Kf3 Rf7 36. g5 Kd7 37. Kf4 Ke6 38. h4 Kd5 39. Ke3 Ke6 40. Kd4 f4 41. Ke4 Rf5 42. d7 Kxd7 43. Bxf4 Rc5 44. Kd3 Rd5+ 45. Ke4 Rd1 46. Be5 Rh1 47. f4 Ke6 48. Kd4 Ra1 0-1

[Event "RUS-ch Blitz Men 2018"]
[Site "Sochi"]
[Date "2018.10.07"]
[Round "18"]
[White "Sharafiev, Azat"]
[Black "Kezin, Roman"]
[Result "0-1"]
[WhiteElo "2432"]
[BlackElo "2471"]
[Annotator "TA"]
[PlyCount "102"]
[EventDate "2018.10.07"]
[EventType "swiss"]
[EventCountry "RUS"]
[SourceTitle "playchess.com"]
[Source "ChessBase"]
[SourceQuality "1"]

1. Nf3 d5 2. g3 Nf6 3. Bg2 e6 4. O-O Be7 5. d4 O-O 6. c4 dxc4 7. Qc2 b6 8. Ne5 Qxd4 9. Bxa8 Qxe5 10. Bf3 Nd5 11. Qxc4 Ba6 12. Qe4 Qxe4 13. Bxe4 Nc6 14. Nc3 Nd4 15. Nxd5 exd5 16. Bd3 Bb7 17. Be3 Ne6 18. a4 a5 19. Rac1 c5 20. f3 Nd8 21. Rfd1 Nc6 22. Bf4 Nb4 23. Bc7 c4 24. Bf5 Bc5+ 25. Kg2 Re8 26. Kf1 Bc6 27. e4 Bxa4 28. exd5 Bxd1 29. Rxd1 g6 30. d6 Bxd6 31. Rxd6 gxf5 32. Rxb6 Nd5 33. Rc6 Rc8 34. Rc5 Nxc7 35. Rxa5 Ne6 36. Rxf5 Rc5 37. Rxc5 Nxc5 38. Ke2 Na4 39. Kd2 Nxb2 40. Kc3 Nd3 41. Kxc4 Ne5+ 42. Kd5 Nxf3 43. h4 Kg7 44. Ke4 Nd2+ 45. Kd4 h5 46. Ke3 Nc4+ 47. Kf4 Kg6 48. g4 hxg4 49. Kxg4 Nd6 50. Kf4 f5 51. Ke5 Kh5 0-1

[Event "RUS-ch Blitz Men 2018"]
[Site "Sochi"]
[Date "2018.10.07"]
[Round "18"]
[White "Gochelashvili, David"]
[Black "Sviridov, Valery"]
[Result "1-0"]
[WhiteElo "2419"]
[BlackElo "2551"]
[Annotator "TA"]
[PlyCount "111"]
[EventDate "2018.10.07"]
[EventType "swiss"]
[EventCountry "RUS"]
[SourceTitle "playchess.com"]
[Source "ChessBase"]
[SourceQuality "1"]

1. e4 Nf6 2. Nc3 d6 3. d4 c6 4. Be3 g6 5. f3 Nbd7 6. Qd2 b5 7. O-O-O Qa5 8. Kb1 Nb6 9. e5 Nfd5 10. Nxd5 Qxd2 11. Nc7+ Kd8 12. Bxd2 Kxc7 13. exd6+ exd6 14. h4 Bg7 15. c3 Bf5+ 16. Kc1 h6 17. h5 g5 18. g4 Be6 19. Kb1 f5 20. Bh3 Rhf8 21. Ne2 Rae8 22. Ng3 f4 23. Ne4 Nc4 24. Rhe1 Bd5 25. Bc1 Re7 26. b3 Nb6 27. Bf1 Rfe8 28. Bd3 Nd7 29. Rf1 Nf6 30. Nxf6 Bxf6 31. Kc2 a6 32. Bd2 c5 33. Bg6 Rd8 34. dxc5 dxc5 35. c4 bxc4 36. Ba5+ Kc6 37. Bxd8 Re2+ 38. Rd2 cxb3+ 39. axb3 Rxd2+ 40. Kxd2 Bxd8 41. Ra1 Kb5 42. Bd3+ Kb4 43. Rxa6 Bxb3 44. Rxh6 c4 45. Be4 c3+ 46. Kc1 Be7 47. Rb6+ Ka3 48. Ra6+ Kb4 49. Rb6+ Ka3 50. Ra6+ Kb4 51. h6 Bc5 52. h7 Be3+ 53. Kb1 Bd4 54. Rg6 Bd1 55. Rd6 Bg7 56. Rxd1 1-0

[Event "RUS-ch Blitz Men 2018"]
[Site "Sochi"]
[Date "2018.10.07"]
[Round "18"]
[White "Dzhumagaliev, Yan"]
[Black "Papenin, Nikolai"]
[Result "1-0"]
[WhiteElo "2410"]
[BlackElo "2337"]
[Annotator "NA"]
[PlyCount "101"]
[EventDate "2018.10.07"]
[EventType "swiss"]
[EventCountry "RUS"]
[SourceTitle "playchess.com"]
[Source "ChessBase"]
[SourceQuality "1"]

1. h4 Nf6 2. h5 h6 3. d4 c5 4. d5 b5 5. a4 b4 6. c4 e6 7. dxe6 fxe6 8. Qc2 Kf7 9. e4 Nc6 10. Nf3 d5 11. Bd3 b3 12. Qe2 Nb4 13. exd5 Nxd3+ 14. Qxd3 exd5 15. Ne5+ Kg8 16. O-O Be6 17. Qxb3 Bd6 18. Ng6 Nxh5 19. Qf3 Nf6 20. Nxh8 Kxh8 21. cxd5 Bxd5 22. Qh3 Bb7 23. Nc3 Qb6 24. Rd1 Re8 25. Bxh6 Kg8 26. Bg5 Be5 27. Re1 Qxb2 28. Rab1 Qxc3 29. Qxc3 Bxc3 30. Rxe8+ Nxe8 31. Rxb7 a5 32. Be3 Bb4 33. Rb8 Kf7 34. Rc8 Nd6 35. Rc7+ Ke6 36. Bxc5 Ne8 37. Rc8 Kd7 38. Bxb4 Kxc8 39. Bxa5 g6 40. Kh2 Kb7 41. Kg3 Ka6 42. Bc3 Nd6 43. Kf4 Nf7 44. Bb4 Kb6 45. Ke4 Kc6 46. a5 Kb5 47. Bd2 Kc6 48. Be3 Kb5 49. Kd5 Kxa5 50. Ke6 Nd8+ 51. Kf6 1-0

[Event "RUS-ch Blitz Men 2018"]
[Site "Sochi"]
[Date "2018.10.07"]
[Round "18"]
[White "Sadovsky, Artem"]
[Black "Chizhikov, Vladislav"]
[Result "0-1"]
[WhiteElo "2408"]
[BlackElo "2304"]
[Annotator "NA"]
[PlyCount "104"]
[EventDate "2018.10.07"]
[EventType "swiss"]
[EventCountry "RUS"]
[SourceTitle "playchess.com"]
[Source "ChessBase"]
[SourceQuality "1"]

1. c4 c5 2. g3 Nc6 3. Bg2 g6 4. Nc3 Bg7 5. e3 Nh6 6. Nge2 Nf5 7. h4 h5 8. a3 O-O 9. Rb1 a5 10. Nb5 e6 11. d4 cxd4 12. exd4 d5 13. c5 a4 14. O-O b6 15. Bf4 bxc5 16. dxc5 Qa5 17. Nec3 Ncd4 18. Bc7 Qa6 19. Nxd4 Nxd4 20. Bd6 Re8 21. Re1 Bd7 22. g4 hxg4 23. Qxg4 Nf5 24. h5 gxh5 25. Qxh5 Nxd6 26. cxd6 Qxd6 27. Rbd1 Qf4 28. Ne4 Rab8 29. Ng5 Rxb2 30. Nh3 Qh6 31. Qg4 Qg6 32. Qh4 Bf6 33. Qf4 Kg7 34. Qd6 Bb5 35. Re3 Rb3 36. Nf4 Qg4 37. Rde1 e5 38. Nxd5 Re6 39. Qc7 Bc6 40. Rxb3 axb3 41. Re3 Bxd5 42. Rg3 Qxg3 43. fxg3 b2 44. Qb8 Bxg2 45. Qxb2 Bc6 46. Qb4 e4 47. a4 e3 48. Kf1 e2+ 49. Ke1 Be7 50. Qg4+ Kf8 51. a5 Re4 52. Qc8+ Kg7 0-1

[Event "RUS-ch Blitz Men 2018"]
[Site "Sochi"]
[Date "2018.10.07"]
[Round "18"]
[White "Nechaev, Oleg"]
[Black "Shcherbakov, Ruslan"]
[Result "0-1"]
[WhiteElo "2400"]
[BlackElo "2516"]
[Annotator "ChessBase"]
[PlyCount "45"]
[EventDate "2018.10.07"]
[EventType "swiss"]
[EventCountry "RUS"]
[SourceTitle "playchess.com"]
[Source "ChessBase"]
[SourceQuality "1"]

1. c4 e5 2. Nc3 Nf6 3. g3 c6 4. d4 exd4 5. Qxd4 d5 6. Bg2 Be6 7. cxd5 cxd5 8. Nh3 Nc6 9. Qa4 d4 10. Nb5 Bb4+ 11. Kf1 O-O 12. Nf4 Bf5 13. a3 Bc5 14. Qc4 Bb6 15. a4 Rc8 16. Qb3 Ne4 17. Qd5 Qxd5 18. Nxd5 Bc5 19. f3 Nd6 20. Bf4 Nc4 21. g4 Bc2 22. Rc1 d3 23. exd3 0-1

[Event "RUS-ch Blitz Men 2018"]
[Site "Sochi"]
[Date "2018.10.07"]
[Round "18"]
[White "Apryshko, Gleb"]
[Black "Demchenko, Anton"]
[Result "0-1"]
[WhiteElo "2399"]
[BlackElo "2679"]
[Annotator "TA"]
[PlyCount "42"]
[EventDate "2018.10.07"]
[EventType "swiss"]
[EventCountry "RUS"]
[SourceTitle "playchess.com"]
[Source "ChessBase"]
[SourceQuality "1"]

1. e4 c5 2. Nf3 d6 3. d4 cxd4 4. Nxd4 Nf6 5. Nc3 Nc6 6. Bg5 e6 7. Qd2 a6 8. O-O-O Be7 9. f4 Bd7 10. Nf3 b5 11. e5 b4 12. exf6 bxc3 13. Qxc3 gxf6 14. Rxd6 Bxd6 15. Bxf6 Bb4 16. Bxh8 Bxc3 17. Bxc3 Qc7 18. g3 Ne7 19. Bd3 Nd5 20. Be5 Qb7 21. Re1 Nb4 0-1

[Event "RUS-ch Blitz Men 2018"]
[Site "Sochi"]
[Date "2018.10.07"]
[Round "18"]
[White "Asanov, Timur"]
[Black "Kozionov, Kirill"]
[Result "0-1"]
[WhiteElo "2389"]
[BlackElo "2458"]
[Annotator "ChessBase"]
[PlyCount "82"]
[EventDate "2018.10.07"]
[EventType "swiss"]
[EventCountry "RUS"]
[SourceTitle "playchess.com"]
[Source "ChessBase"]
[SourceQuality "1"]

1. c4 e5 2. Nc3 Nf6 3. Nf3 Nc6 4. d4 exd4 5. Nxd4 Bb4 6. Nxc6 bxc6 7. Bd2 O-O 8. e3 d5 9. Be2 Re8 10. a3 Bd6 11. h3 Qe7 12. Qc2 Qe5 13. cxd5 Bf5 14. Bd3 Bxd3 15. Qxd3 cxd5 16. O-O-O Rab8 17. Kc2 c6 18. f4 Qe7 19. g4 Qb7 20. Bc1 Qb3+ 21. Kb1 Bxa3 22. Qc2 Qb7 23. g5 Ne4 24. Nxe4 Rxe4 25. Rd4 Rxd4 26. exd4 Bd6 27. Re1 g6 28. f5 Qd7 29. fxg6 hxg6 30. h4 Re8 31. Rxe8+ Qxe8 32. Ka2 Bg3 33. Qd3 Bxh4 34. Qf3 Qe4 35. Qf6 Be1 36. Qxc6 Kg7 37. Qc5 Bf2 38. Qxa7 Bxd4 39. Qa6 Be5 40. Bd2 Qc2 41. Qa5 Qxb2# 0-1

[Event "RUS-ch Blitz Men 2018"]
[Site "Sochi"]
[Date "2018.10.07"]
[Round "18"]
[White "Gogolev, Artem"]
[Black "Balashov, Yuri S"]
[Result "0-1"]
[WhiteElo "2389"]
[BlackElo "2429"]
[Annotator "NA"]
[PlyCount "90"]
[EventDate "2018.10.07"]
[EventType "swiss"]
[EventCountry "RUS"]
[SourceTitle "playchess.com"]
[Source "ChessBase"]
[SourceQuality "1"]

1. Nf3 d5 2. e3 g6 3. c4 Nf6 4. b3 Bg7 5. Bb2 c6 6. Be2 O-O 7. O-O Bg4 8. h3 Bxf3 9. Bxf3 Nbd7 10. Nc3 e6 11. Qe2 Ne5 12. cxd5 exd5 13. g3 Nxf3+ 14. Qxf3 Re8 15. d3 Re6 16. Ne2 Qd7 17. Kg2 Rae8 18. Rfe1 Nh5 19. Bxg7 Nxg7 20. Nd4 R6e7 21. b4 Ne6 22. Nxe6 Rxe6 23. d4 h5 24. h4 a6 25. a4 Kg7 26. b5 cxb5 27. axb5 Qxb5 28. Rab1 Qd7 29. Rec1 Rc6 30. Rc5 Rxc5 31. dxc5 Re4 32. Rb6 Re6 33. Rb2 Qc6 34. Rc2 b6 35. Rd2 bxc5 36. Rxd5 c4 37. e4 c3 38. Rd1 Qxe4 39. Rc1 Qxf3+ 40. Kxf3 Rc6 41. Ke4 c2 42. Kd3 Kf6 43. Rxc2 Rxc2 44. Kxc2 Ke5 45. f3 Kd4 0-1

[Event "RUS-ch Blitz Men 2018"]
[Site "Sochi"]
[Date "2018.10.07"]
[Round "18"]
[White "Murzin, Volodar"]
[Black "Savitskiy, Sergey"]
[Result "0-1"]
[WhiteElo "2340"]
[BlackElo "2283"]
[Annotator "NA"]
[PlyCount "88"]
[EventDate "2018.10.07"]
[EventType "swiss"]
[EventCountry "RUS"]
[SourceTitle "playchess.com"]
[Source "ChessBase"]
[SourceQuality "1"]

1. e4 c5 2. Nf3 d6 3. Bb5+ Nc6 4. O-O Bd7 5. Re1 a6 6. Bf1 Bg4 7. c3 Nf6 8. h3 Bxf3 9. Qxf3 g6 10. d3 Bg7 11. Be3 Nd7 12. Nd2 O-O 13. Qd1 b5 14. Qc2 b4 15. Rec1 a5 16. Qa4 Qc7 17. Nc4 Rfb8 18. Be2 Nce5 19. Nxe5 Bxe5 20. d4 Bg7 21. Qc2 a4 22. Rab1 b3 23. axb3 axb3 24. Qd1 c4 25. Qf1 Nb6 26. d5 Ra2 27. Bxb6 Qxb6 28. Bxc4 h5 29. Qd1 Bh6 30. Qe2 Bxc1 31. Rxc1 Kg7 32. e5 Qc5 33. e6 f6 34. Bd3 Qxd5 35. Re1 f5 36. Qd2 Rxb2 37. Qxb2 Qxd3 38. c4+ Kg8 39. Qa3 Qd2 40. Rf1 b2 41. Qa7 b1=R 42. Rxb1 Rxb1+ 43. Kh2 Qf4+ 44. g3 Qf3 0-1

[Event "RUS-ch Blitz Men 2018"]
[Site "Sochi"]
[Date "2018.10.07"]
[Round "18"]
[White "Ofitserian, Boris"]
[Black "Lugovskoy, Maxim"]
[Result "1-0"]
[WhiteElo "2274"]
[BlackElo "2428"]
[Annotator "NA"]
[PlyCount "87"]
[EventDate "2018.10.07"]
[EventType "swiss"]
[EventCountry "RUS"]
[SourceTitle "playchess.com"]
[Source "ChessBase"]
[SourceQuality "1"]

1. d4 d5 2. Nf3 e6 3. Bf4 Nf6 4. e3 Bd6 5. Bg5 Be7 6. Bd3 c5 7. c3 Nc6 8. Nbd2 Qb6 9. Rb1 Bd7 10. O-O Rc8 11. Qe2 h6 12. Bh4 O-O 13. Ne5 Rfd8 14. f4 Be8 15. Kh1 Qc7 16. Qf3 Ne4 17. Bxe4 dxe4 18. Qg3 Bxh4 19. Qxh4 f5 20. Ndc4 Ne7 21. Rg1 Nd5 22. Qh3 cxd4 23. cxd4 b5 24. Nd2 Qc2 25. Nb3 Qe2 26. Rge1 Qh5 27. Qxh5 Bxh5 28. Nc5 Bf7 29. a3 a5 30. Kg1 g5 31. g3 Kg7 32. Kf2 Rc7 33. h4 g4 34. Rbc1 Rdc8 35. Re2 b4 36. Rec2 Bg8 37. axb4 axb4 38. Ra1 b3 39. Rc4 Nb6 40. Rb4 Nd5 41. Rxb3 Rxc5 42. dxc5 Rxc5 43. Ra7+ Kh8 44. Ng6# 1-0

[Event "RUS-ch Blitz Men 2018"]
[Site "Sochi"]
[Date "2018.10.07"]
[Round "18"]
[White "Yashmetov, Mikhail"]
[Black "Mikhailovsky, Vladimir"]
[Result "1-0"]
[WhiteElo "2263"]
[BlackElo "2411"]
[Annotator "NA"]
[PlyCount "65"]
[EventDate "2018.10.07"]
[EventType "swiss"]
[EventCountry "RUS"]
[SourceTitle "playchess.com"]
[Source "ChessBase"]
[SourceQuality "1"]

1. Nf3 f5 2. g3 Nf6 3. Bg2 g6 4. O-O Bg7 5. d3 O-O 6. e4 d6 7. Nc3 e5 8. exf5 gxf5 9. d4 e4 10. Nh4 d5 11. Bf4 c6 12. Be5 Be6 13. Ne2 Nbd7 14. Bd6 Re8 15. Nf4 Nf8 16. Nxe6 Nxe6 17. Nxf5 Qd7 18. Nxg7 Nxg7 19. Be5 Ng4 20. Bh3 h5 21. Bxg4 hxg4 22. Qd2 Qf5 23. Qh6 Re7 24. c4 dxc4 25. Rae1 Rf8 26. Qe3 Ne6 27. Bd6 Rh7 28. h4 Rd8 29. Be5 c5 30. Qxe4 Qxe4 31. Rxe4 cxd4 32. Rxg4+ Kf8 33. Rd1 1-0

[Event "RUS-ch Blitz Men 2018"]
[Site "Sochi"]
[Date "2018.10.07"]
[Round "18"]
[White "Kozak, Alexander"]
[Black "Triapishko, Alexandr"]
[Result "0-1"]
[WhiteElo "2262"]
[BlackElo "2508"]
[Annotator "ChessBase"]
[PlyCount "64"]
[EventDate "2018.10.07"]
[EventType "swiss"]
[EventCountry "RUS"]
[SourceTitle "playchess.com"]
[Source "ChessBase"]
[SourceQuality "1"]

1. e4 e5 2. Nf3 Nc6 3. Bb5 a6 4. Ba4 d6 5. c3 Bd7 6. d4 Nf6 7. Nbd2 g6 8. O-O Bg7 9. Re1 O-O 10. Bxc6 Bxc6 11. dxe5 dxe5 12. Nxe5 Bxe4 13. Nxe4 Nxe4 14. Qxd8 Raxd8 15. Bf4 Nc5 16. Rad1 Na4 17. Nc4 Rxd1 18. Rxd1 b5 19. Ne3 Nxb2 20. Rd7 c6 21. g4 Na4 22. Rc7 Nxc3 23. Kg2 Nxa2 24. Rxc6 Nb4 25. Rc7 Nd3 26. Bd6 Ra8 27. Nd5 a5 28. Ne7+ Kh8 29. Nc6 a4 30. Rxf7 a3 31. Bxa3 Rxa3 32. Rb7 Nf4+ 0-1